Géographie : Les villes à cheval sur une frontière - Statistiques

Statistiques générales
  • Ce quiz a été pris 13 fois
  • Le résultat moyen est 4 sur 13
Statistiques - réponses
Pays Commune Et en France... % Correct
Belgique Wervicq-Nord Wervicq-Sud
73%
Belgique Comines* Comines
64%
Allemagne Grande-Rosselle Petite-Rosselle
64%
Belgique Leers-Nord Leers-Sud
45%
Belgique Les Moëres Les Moëres
36%
Allemagne Leidingen Leiding
27%
Suisse Saint-Gingolph Saint-Gingolph
27%
Allemagne Scheibenhardt Scheibenhard
27%
Allemagne Bliesgersweiler Blies-Guersviller
0%
Belgique Goegnies-Chaussée Gognies-Chaussée
0%
Allemagne Kleinblittersdorf Grosbliederstroff
0%
Belgique Warneton Warneton-Sud*
0%
Belgique Bas-Warneton* Warnneton-Bas*
0%
Aucun quiz correspondant
Distribution des résultats
% des personnes avec chaque résultat
Percentile par nombre de réponses
Votre historique - résultats
Vous n’avez pas pris ce quiz